LEADER 01463nam0M2200481--I450- 001 990000310910203316 005 20080211133411.0 010 $a88-08-15056-9 035 $a0031091 035 $aUSA010031091 035 $a(ALEPH)000031091USA01 035 $a0031091 100 $a20001206h19891996km-y1ita-0103----ba 101 $aita 102 $aIT 105 $aa|||||||001yy 200 1 $aOcchio , cervello e visione$fDavid H. Hubel$g[trad. di Enrica Maria Fava, rev. di Marco Schieppati.] 210 $aBologna$cZanichelli$d1989$h1996 215 $a250 p.$cill.$d24 cm. 225 0 $aNuovi classici della scienza$v9 312 $aEye, brain and vision 410 1$12001$aNuovi classici della scienza$v6 454 1$12001$aEye, brain and vision$925920 606 $aOcchio 606 $aVista 676 $a612.84 700 $aHUBEL,$bDavid H.$0168796 801 0$aIT$bsalbc$bISBD 912 $a990000310910203316 951 $a612.84 HUB$b2491 Farm.$c612$d00068417 951 $a612.84 HUB$b136341 LM$c612 951 $aO248$b2394 DBC$cO248 959 $aBK 969 $aFAR 969 $aDBC 979 $aTAMI$b40$c20001206$lUSA01$h1621 979 $aPATTY$b90$c20011030$lUSA01$h1612 979 $aJOHNNY$b90$c20020315$lUSA01$h1320 979 $c20020403$lUSA01$h1639 979 $aPATRY$b90$c20040406$lUSA01$h1622 979 $aDBC$b90$c20080211$lUSA01$h1334 996 $aEye, brain and vision$925920 997 $aUNISA